| 000 | 00515nam a2200193Ia 4500 | ||
|---|---|---|---|
| 003 | GCL | ||
| 008 | 140319s9999 xx 000 0 eng d | ||
| 040 |
_aGCL / _cGCL |
||
| 082 | 0 | 4 |
_a658.802 _bL A |
| 100 | 1 | _aLEHMANN, DONALS R. | |
| 245 | 1 | 0 |
_aANALYSIS FOR MARKETING PLANNING, 2ND ES / _cLEHMANN, DONALS R. |
| 700 | 1 | _aWINER, RUSSELL S. | |
| 260 |
_a[S.N] : _bRICHAOD . IRWIN, INC ، _c1991 |
||
| 300 | _a186 P | ||
| 650 | 0 | 4 | _aUNITED STATES |
| 650 | 0 | 4 | _aMANAGEMENT |
| 650 | 0 | 4 | _aMARKETING |
| 942 |
_2ddc _cBK |
||
| 999 |
_c16758 _d16758 |
||